| 000 | 00610nam a22002177a 4500 | ||
|---|---|---|---|
| 005 | 20170124110127.0 | ||
| 010 | _aA-723404 | ||
| 020 |
_c00.00 _a071955571 |
||
| 035 | _aA-723404 | ||
| 037 | _bCen Lib/Ret | ||
| 040 |
_aDPL _bEN |
||
| 082 |
_aN _bJHA |
||
| 100 |
_aJhabvala, Ruth Prawer _930553 |
||
| 245 |
_aShards of memory / _cby Ruth Prawer Jhabvala |
||
| 260 |
_bJohn Murray _aLondon _c1995 |
||
| 270 |
_bLondon _a50 albemarle Street |
||
| 300 |
_a272p. _c22cm(Hb) |
||
| 650 |
_aIndia -- Fiction _931638 |
||
| 650 |
_aEast Indians -- Foreign countries -- Fiction _931639 |
||
| 942 |
_2ddc _cEN _hN _mJHA |
||
| 999 |
_c131385 _d131385 |
||